Transformemos la escuela: llamamiento a los padres y a las autoridades
Uloženo v:
| Hlavní autor: | |
|---|---|
| Médium: | Kniha |
| Jazyk: | španělština |
| Vydáno: |
Santiago
Renovación
1927
|
| Témata: | |
| Tagy: |
Přidat tag
Žádné tagy, Buďte první, kdo vytvoří štítek k tomuto záznamu!
|
MARC
| LEADER | 00000nam a2200000 a 4500 | ||
|---|---|---|---|
| 001 | UCY4938 | ||
| 003 | CL-VaPUC | ||
| 008 | 950406e19270000CL |||||||||||||||||spa|d | ||
| 082 | 0 | 4 | |a 370.11 |b FER |2 21 |
| 100 | 0 | |a Ferriere, Adolphe |e author |9 333470 | |
| 245 | 1 | 0 | |a Transformemos la escuela: llamamiento a los padres y a las autoridades |
| 300 | |a 187 p | ||
| 942 | |c BK | ||
| 945 | |d 19950406 00:00:00 |a rbrito | ||
| 260 | |a Santiago |b Renovación |c 1927 | ||
| 650 | 0 | |a Educación |9 258661 | |
| 650 | 0 | |a Calidad de la educación |9 307271 | |
| 650 | 7 | |a REFORMA DE LA EDUCACION |2 CL-VaPUC |9 333471 | |
| 583 | |a last modification |c 19950406 00:00:00 |k Rodrigo Vera | ||
| 999 | |c 232686 |d 232684 | ||
| 952 | |0 0 |1 0 |4 0 |6 370_110000000000000_FER_1927 |7 0 |8 P |9 237491 |a BIBEDU |b BIBEDU |c BIBEDU_PB |d 2019-11-15 |i 3073505 |o 370.11 FER 1927 |p 3073505 |r 2024-01-25 |w 2019-11-15 |y BK |k EDU | ||
| 952 | |0 0 |1 0 |4 0 |6 370_110000000000000_FER_1927 |7 0 |8 P |9 237492 |a BIBEDU |b BIBEDU |c BIBEDU_PB |d 2019-11-15 |i 2011484 |o 370.11 FER 1927 |p 2011484 |r 2024-01-25 |w 2019-11-15 |y BK |k EDU | ||